MARC

LEADER 00000nam0a2200000 4500
001 34135
005 20231101210220.0
010 |a 5283010228 
035 |a (RuTPU)RU\TPU\book\34514 
035 |a BOOK00001165 
090 |a 34135 
100 |a 20011210d1990 km y0rusy50 ca 
101 0 |a rus 
102 |a RU 
105 |a y z 000zy 
200 1 |a Расчеты устойчивости и противоаварийной автоматики в энергосистемах  |f Ю. Е. Гуревич, Л. Е. Либова, А. А. Окин 
210 |a Москва  |c Энергоатомиздат  |d 1990 
215 |a 390 с. 
606 1 |a Электроэнергетические системы  |x Аварийная разгрузка  |2 stltpush  |3 (RuTPU)RU\TPU\subj\21044  |9 46093 
610 1 |a автоматическое управление 
610 1 |a энергосистемы 
610 1 |a устойчивость 
610 1 |a расчеты 
610 1 |a противоаварийная автоматика 
675 |a 621.311.016  |v 3 
700 1 |a Гуревич  |b Ю. Е.  |g Юрий Ефимович 
701 1 |a Либова  |b Л. Е.  |g Людмила Ефимовна 
701 1 |a Окин  |b А. А.  |g Анатолий Андреевич 
801 0 |a RU  |b 63413507  |c 20011210  |g PSBO 
801 2 |a RU  |b 63413507  |c 20151218  |g PSBO 
900 |a Автоматическое управление электроэнергетическими системами 
900 |a Применение РИПК для проектирования и эксплуатации электростанций 
900 |a Защита и противоаварийное управление на электростанциях 
900 |a Вероятностные задачи электроэнергетики 
900 |a Противоаварийное управление в энергосистемах 
900 |a Электромеханические переходные процессы в электроэнергетических системах 
900 |a Методы расчета устойчивости энергосистем 
900 |a Режимы энергосистем и дальних электропередач 
900 |a Энергетические расчетно-исследовательские комплексы 
900 |a Автоматика энергосистем 
942 |c BK